000 00549nam a2200205Ia 4500
005 20250508153233.0
008 008 250505s9999 xx 000 0 eng d
037 _aTextual
040 _aFEDL
_beng
_cFEDL
041 _aeng
_2eng
084 _a001.6, MAX
_qFEDL
100 _aMaxwell A E
_9496799
245 0 _aAnalysing qualitative data
260 _aLondon, UK
_bMethuen and Co Ltd
_c1961
300 _a163p.
365 _aINR
_b16.8
650 _aComputer Science
942 _cTEXL
_h001.6, MAX
999 _c1341447
_d1341447